Todas las Canciones del Álbum de Mora Estrella - Estadísticas

Estadísticas generales
  • Esta prueba ha sido intentada 212 veces
  • La puntuación promedio es 12 de 15
Estadísticas de respuestas
Hint Respuesta % Correcto
1 Media Luna
93%
5 Reina
93%
4 Donde se Aprende a Querer?
86%
2 Pasajero
84%
11 Un Deseo
82%
12 Diamonds
80%
10 Pide
80%
8 Laguna
78%
3 Pólvora
78%
13 Córcega
76%
7 El Chacal
76%
15 Ayer y Hoy
73%
6 Fantasías
72%
14 Marea
70%
9 Lokita
68%
No se encontraron pruebas coincidentes
Distribución de puntuación
Porcentaje de gente con cada puntuación
Porcentaje por número respondido
Historial de tus puntuaciones
No has intentado esta prueba.